Statistiques concernant Nourriture qui commence par A

Cliquez ici pour prendre le quiz!

Statistiques générales

  • Ce quiz a été pris 265 fois
  • Le résultat moyen est 8 sur 10

Statistiques - réponses

Réponse% Correct
Ananas
99%
Abricot
97%
Ail
97%
Avocat
97%
Agneau
96%
Aubergine
96%
Amande
93%
Arachide
63%
Avoine
62%
Anchois
49%

Distribution des résultats

Percentile par nombre de réponses

% des personnes avec chaque résultat

Votre développement - résultats

Vous n’avez pas pris ce quiz